000
00271nam a22001217a 4500
008
181024b xxu||||| |||| 00| 0 eng d
041
_a
eng
080
_2
8 ED
_a
316
100
_a
50
101
_a
SOC
245
_a
The Journey Adulthood
_c
Batbara.R.B
942
_2
udc
_c
BK
999
_c
50882
_d
50882